| 000 | 00535nam a2200181Ia 4500 | ||
|---|---|---|---|
| 008 | 131103s9999 xx 000 0 und d | ||
| 040 | _aLoreto College | ||
| 041 | _aEnglish | ||
| 082 |
_a891.431/BIH-SIN _bLCLIB/45334 |
||
| 100 | _aSingh,Rabindra Kumar | ||
| 245 |
_aBihari Satsai _b Sanskritik samajik sandarbh _cRabindra Kumar Singh |
||
| 260 |
_aAllahabad _bLokbharti Prakashan _c1994 |
||
| 300 |
_a293 _c 22 cm. |
||
| 650 | _aBihari | ||
| 651 | _aHindi poetry - Criticism and interpretation | ||
| 850 | _aLCLIB | ||
| 942 | _cBK | ||
| 999 |
_c18126 _d68605 |
||